Manual de preparación Matemática

שמור ב:
מידע ביבליוגרפי
Main Authors: Tapia Rojas, Oscar Alfredo (Author), López González, David (Author), Olivares Sepúlveda, Jorge (Author)
מחברים אחרים: Ormazábal Díaz-Muñoz, Miguel Ramón (autor)
פורמט: ספר
שפה:ספרדית
יצא לאור: Santiago Ediciones Universidad Católica de Chile 2003
מהדורה:4a. ed
נושאים:
תגים: הוספת תג
אין תגיות, היה/י הראשונ/ה לתייג את הרשומה!

MARC

LEADER 00000nam a2200000 a 4500
001 UCH4340
003 CL-VaPUC
008 090818e20030000CL |||||||||||||||||spa|d
020 |a 9561407108 
082 0 4 |a 378.16  |b TAP  |2 21 
100 0 |a Tapia Rojas, Oscar Alfredo  |e author  |9 539864 
700 |a Ormazábal Díaz-Muñoz, Miguel Ramón  |e autor  |9 549283 
700 0 |a López González, David  |e author  |9 539866 
700 0 |a Olivares Sepúlveda, Jorge  |e author  |9 539867 
245 1 0 |a Manual de preparación Matemática 
250 |a 4a. ed 
300 |a 494 p 
942 |c BK 
945 |d 20090818 00:00:00  |a lazolas 
260 |a Santiago  |b Ediciones Universidad Católica de Chile  |c 2003 
650 0 |a Matemáticas   |v Problemas, ejercicios, etc  |9 883048 
650 7 |a PRUEBA DE SELECCION UNIVERSITARIA  |2 CL-VaPUC  |9 537094 
583 |a last modification  |c 20090818 00:00:00  |k Rodrigo Vera 
999 |c 335665  |d 335663